La crisis de la segunda edad : la vocación religiosa a prueba /

שמור ב:
מידע ביבליוגרפי
מחבר ראשי: Garrido, Javier (autor)
פורמט: ספר
שפה:ספרדית
יצא לאור: Vitoria, España : Instituto Teológico de Vida Religiosa, Facultad de Teología, 1998, c1998
מהדורה:2a edición
סדרה:(Frontera Hegian ; 21)
נושאים:
תגים: הוספת תג
אין תגיות, היה/י הראשונ/ה לתייג את הרשומה!

MARC

LEADER 00000nam^a2200000^a^4500
001 000617777
005 20250715000000.0
009 20260310133747.402
022 |a 1138-2325 
025 |a Donación Juan Lafarga Corona, 1 ejemplar 
037 |a Acervo Xavier Clavigero 
041 |a ESP 
091 |a FLC. 00847 
100 |a Garrido, Javier  |e (autor) 
245 1 3 |a La crisis de la segunda edad : la vocación religiosa a prueba /  |c J. Garrido. 
250 |a 2a edición 
264 1 |a Vitoria, España :  |b Instituto Teológico de Vida Religiosa, Facultad de Teología,  |c 1998, c1998 
300 |a 107 p. 
336 |a texto  |b txt  |2 rdacontenido 
337 |a sin mediación  |b n  |2 rdamedio 
338 |a volumen  |b nc  |2 rdasoporte 
440 1 |a (Frontera Hegian ;  |v 21) 
649 |a XX 
650 |a Catolicismo 
650 |a Cristianismo 
650 |a Vocación Religiosa -  |x Tema Principal 
650 |a Religión 
740 3 |a La crisis de la segunda edad :  |b la vocación religiosa a prueba /  |c J. Garrido. 
910 |a Fondo Juan Lafarga Corona S.J. 
920 |a Impresos - Libros 
930 |a Fondos Especiales 
905 |a 145 
901 |a 617777-10  |b IT2  |c ESL  |i D  |u 20250715 
902 |a https://opac.biblio.iteso.mx/vufind/Record/000617777